[Event "Floripa Chess Open 2024"]
[Site "Florianopolis"]
[Date "2024.01.21"]
[Round "2.212"]
[White "Van Riemsdijk, Ian C Emiliano"]
[Black "Altenhofen, Rafael Graneto"]
[Result "0-1"]
[WhiteElo "1800"]
[BlackElo "1446"]
[PlyCount "47"]
[EventDate "2024.01.20"]
[EventRounds "10"]
[EventCountry "BRA"]

1. e4 c5 2. Nf3 e6 3. d4 cxd4 4. Nxd4 Nf6 5. Bd3 Nc6 6. Be3 Be7 7. c4 ({RR} 7.
Nd2 d6 8. O-O O-O 9. Kh1 e5 10. Nxc6 bxc6 11. f4 Ng4 12. Qe2 Nxe3 13. Qxe3 exf4
14. Qxf4 Bg5 15. Qf2 Bf6 16. c3 Rb8 17. Nb3 c5 18. Qc2 Be6 19. Nd2 g6 20. Nc4
Bg7 21. Rad1 Qe7 {Arnhold,K (2025)-Vasilevich,T (2425) Rodewisch 2000 0-1 (42)}
) ({RR} 7. Nd2 O-O 8. Qe2 d5 9. Nxc6 bxc6 10. O-O-O Qa5 11. Kb1 Rb8 12. Nb3 Qa4
13. e5 Nd7 14. f4 c5 15. c4 Nb6 16. Nxc5 Bxc5 17. Bxc5 Rd8 18. Bd6 Rb7 19. c5
Nc4 20. Bxc4 dxc4 21. Rc1 Bd7 {Okike,D (2177)-Lammens,T (2250) chess.com INT
2021 1-0 (51)}) 7... O-O $146 ({RR} 7... d6 8. Nc3 O-O 9. O-O Bd7 10. f3 b6 11.
Rc1 Qb8 12. Rf2 Rd8 13. Rd2 Nxd4 14. Bxd4 Bc6 15. Be3 Qb7 16. Bb1 Rac8 17. a4
a5 18. Qb3 Nd7 19. Rcd1 Nc5 20. Qc2 g6 21. Bf4 e5 22. Bg3 {Zieher,H-Meyer,C
Germany North 1977 0-1 (52)}) ({RR} 7... d5 8. Nxc6 bxc6 9. e5 Nd7 10. f4 Nc5
11. O-O Nxd3 12. Qxd3 Ba6 13. Nd2 O-O 14. Rf3 dxc4 15. Qe2 Qd3 16. Qf2 Rad8 17.
Nf1 c3 18. Bb6 cxb2 19. Qxb2 Qb5 20. Rb3 Qc4 21. Rc1 Qxf4 22. Bxd8 {Vega Lopez
de Nava,C (1973)-Sever,M (1558) Hofheim 2016 0-1 (44)}) 8. Nxc6 bxc6 9. e5 Qa5+
10. b4 Qxe5 11. Nd2 Bxb4 12. O-O Bxd2 13. Qxd2 Ba6 14. f4 Qc7 15. Bd4 Qd8 16.
Rae1 d5 17. Rf3 Bxc4 18. Bb1 Ne4 19. Bxe4 dxe4 20. Rg3 f6 21. Qc3 Bd5 22. Rg4
Rf7 23. Be3 Bxa2 24. Qa3 0-1

[Event "Floripa Chess Open 2024"]
[Site "Florianopolis"]
[Date "2024.01.21"]
[Round "2.213"]
[White "Wathier, Natalia"]
[Black "Braga, Kaio Santos"]
[Result "0-1"]
[WhiteElo "1800"]
[BlackElo "1442"]
[PlyCount "58"]
[EventDate "2024.01.20"]
[EventRounds "10"]
[EventCountry "BRA"]

1. d4 Nf6 2. Nf3 d6 3. Bf4 g6 4. Nc3 Bg7 5. Qd2 Nbd7 6. O-O-O ({RR} 6. Bh6 Bxh6
7. Qxh6 c5 8. O-O-O cxd4 9. Rxd4 Qa5 10. e3 Nb6 11. a4 Bd7 12. b4 Qh5 13. Qxh5
Nxh5 14. a5 Nc8 15. Nd5 Kd8 16. Bc4 e6 17. Nc3 d5 18. Bd3 f5 19. g4 Nf6 20.
gxf5 gxf5 {Sevian,S (2687)-Tasdogen,D (2303) chess.com INT 2022 1-0 (67)}) 6...
c5 7. e4 $146 ({RR} 7. d5 b5 8. Ng5 b4 9. Nce4 Nxe4 10. Nxe4 {1/2-1/2 (10)
Meng,G (2014)-Sievers,A (1924) Hoeheinoed 2008}) ({RR} 7. Bh6 cxd4 8. Nxd4 Bxh6
9. Qxh6 Nc5 10. f3 a6 11. e4 Qa5 12. Kb1 Ne6 13. Nb3 Qc7 14. Qd2 Nc5 15. Nxc5
Qxc5 16. Qd4 Qxd4 17. Rxd4 Be6 18. Be2 Rc8 19. Rhd1 O-O 20. f4 Rc5 21. h3 b5 {
Poobalasingam,P (1352)-Lutton,J (2100) London 2001 1/2-1/2 (40)}) 7... cxd4 8.
Nd5 e5 9. Bg5 h6 10. Bh4 Nb6 11. Bb5+ Bd7 12. Bxd7+ Nbxd7 13. Bxf6 Nxf6 14. Qb4
Nxd5 15. exd5 Qc7 16. Nd2 O-O 17. Ne4 Rac8 18. c3 dxc3 19. bxc3 Rfd8 20. Rd3 f5
21. Nd2 e4 22. Rg3 Bxc3 23. Rxg6+ Kh7 24. Rxh6+ Kxh6 25. Qb1 Bxd2+ 26. Kxd2
Qc3+ 27. Ke2 Qc2+ 28. Qxc2 Rxc2+ 29. Ke3 Rxa2 0-1

[Event "Floripa Chess Open 2024"]
[Site "Florianopolis"]
[Date "2024.01.21"]
[Round "2.214"]
[White "Rafaelknunes, Rafael Klanfer Nune"]
[Black "Nagel, Yasmin Da Silva"]
[Result "1-0"]
[WhiteElo "1789"]
[BlackElo "1437"]
[PlyCount "103"]
[EventDate "2024.01.20"]
[EventRounds "10"]
[EventCountry "BRA"]

1. e4 e5 2. Nf3 Nc6 3. Bc4 Bc5 4. Nc3 a6 5. d3 h6 ({RR} 5... d6 6. a3 h6 7. h3
Nge7 8. Be3 Ng6 9. b4 Bxe3 10. fxe3 Be6 11. Nd5 b5 12. Bb3 a5 13. a4 axb4 14.
axb5 Na7 15. b6 cxb6 16. Nxb4 Bxb3 17. cxb3 Nb5 18. O-O O-O 19. Nd5 Rb8 20. Qe1
{Buksa,N (2407)-Stefanova,A (2472) Linares ESP 2022 1-0 (51)}) 6. O-O d6 7. a4
$146 ({RR} 7. Bd2 Bg4 8. Nd5 Nd4 9. Ba5 Bb6 10. Bxb6 cxb6 11. c3 Nxf3+ 12. gxf3
Bh3 13. Re1 Qg5+ 14. Kh1 Qg2# {0-1 (14) Mendoza,J-Padilla L,M Guatemala 1992})
({RR} 7. h3 Bd7 8. a3 Nf6 9. Be3 Ba7 10. Ne2 Nh7 11. Ng3 Ng5 12. Kh2 Nd4 13.
Nxd4 Bxd4 14. Bxd4 exd4 15. f4 Ne6 16. f5 Ng5 17. Qh5 Qf6 18. Ne2 O-O-O 19. h4
Rdf8 20. Kg1 Nh7 21. a4 Qe5 {Baumstark,D-Wissler,M Karlsruhe 2003 1/2-1/2 (32)}
) 7... Bg4 8. h3 Bh5 9. g4 Bg6 10. Be3 Nd4 11. Bxd4 Bxd4 12. Nxd4 exd4 13. Ne2
h5 14. Nf4 Qg5 15. Nxg6 Qxg6 16. f4 Nf6 17. g5 h4 18. Rf2 Nh5 19. Qg4 Ng3 20.
Re1 Qh5 21. Qf3 Qxf3 22. Rxf3 c6 23. b4 b5 24. Bb3 f6 25. e5 dxe5 26. fxe5 f5
27. g6 Rh5 28. a5 Rg5 29. Bf7+ Ke7 30. Kf2 c5 31. Rf4 cxb4 32. Rxd4 Rc8 33. Bb3
Rc6 34. e6 Rc7 35. Rd7+ Rxd7 36. exd7+ Kxd7 37. Re6 Nh1+ 38. Ke2 Rg2+ 39. Kf1
Rxc2 40. Rxa6 Ng3+ 41. Ke1 Re2+ 42. Kd1 f4 43. Ra7+ Kd6 44. Rxg7 Re3 45. a6 Nh5
46. a7 Re8 47. Rg8 Re3 48. a8=Q Rxd3+ 49. Kc2 Rc3+ 50. Kb2 Rxh3 51. Qd5+ Kc7
52. Qe5+ 1-0

[Event "Floripa Chess Open 2024"]
[Site "Florianopolis"]
[Date "2024.01.21"]
[Round "2.215"]
[White "Ruvieri, Daniel Minami"]
[Black "Rolim, Claudia Vitoria Fer"]
[Result "1-0"]
[WhiteElo "1437"]
[BlackElo "1745"]
[PlyCount "87"]
[EventDate "2024.01.20"]
[EventRounds "10"]
[EventCountry "BRA"]

1. e4 c5 2. Nf3 Nc6 3. d4 cxd4 4. Nxd4 g6 5. Nc3 Bg7 6. Be3 Nf6 7. Nxc6 bxc6 8.
e5 Ng8 9. f4 Bb7 ({RR} 9... f5 10. Bc4 Nh6 11. Qe2 e6 12. O-O-O Qc7 {1/2-1/2  
(12) Georgiev,K (2490)-Ninov,K (2495) Bulgaria 1988}) 10. Bd3 $146 ({RR} 10.
Be2 d6 11. exd6 exd6 12. O-O Ne7 13. Bd4 Bxd4+ 14. Qxd4 Qb6 15. Qxb6 axb6 16.
Bf3 O-O-O 17. Rfe1 Nf5 18. Bg4 Rhe8 19. Ne4 Kc7 20. Bxf5 gxf5 21. Ng5 h5 22.
Nxf7 Ra8 23. a3 Kd7 24. Rac1 Rxe1+ {Laith,A-Shebeta,T Beirut 2000 1-0 (35)}) ({
RR} 10. Bc4 e6 11. Ne4 Bc8 12. Nd6+ Kf8 13. Bc5 Qa5+ 14. b4 Qa3 15. Nb5+ Ne7
16. Nxa3 h5 17. Qd6 f6 18. Qxe7+ Kg8 19. exf6 Bh6 20. f7+ Kh7 21. f8=Q+ Bg7 22.
Qexg7# {1-0 (22) Avelino,C (1732)-Tsai,S (1131) chess.com INT 2020}) ({RR} 10.
Qd2 d6 11. exd6 exd6 12. O-O-O d5 13. Bc5 Ne7 14. Re1 Bf6 15. g4 Bh4 16. Re2
Bc8 17. g5 Be6 18. Bd4 O-O 19. Rxe6 fxe6 20. Qe3 Nf5 21. Qxe6+ Rf7 22. Qe5 Nxd4
23. Qxd4 Rxf4 24. Qe5 Bxg5 {De Hoop,T-Van der Stap,H Hengelo 1999 1/2-1/2 (39)}
) 10... d6 11. exd6 Qxd6 12. O-O Bd4 13. Bxd4 Qxd4+ 14. Kh1 Nf6 15. Be4 Rd8 16.
Qxd4 Rxd4 17. Bf3 Rd2 18. Rac1 O-O 19. Rfe1 e6 20. Ne4 Nxe4 21. Bxe4 Rfd8 22.
Bf3 Rf2 23. Re2 Rxe2 24. Bxe2 c5 25. Rd1 Rxd1+ 26. Bxd1 a5 27. Kg1 Kg7 28. Kf2
Kf6 29. a3 e5 30. fxe5+ Kxe5 31. c3 Bc6 32. g3 f5 33. b4 axb4 34. axb4 cxb4 35.
cxb4 h5 36. h4 f4 37. Bc2 Be8 38. Bd3 fxg3+ 39. Kxg3 Kf6 40. Kf4 Ke7 41. Kg5
Kd6 42. Bxg6 Bxg6 43. Kxg6 Kc6 44. Kxh5 1-0

[Event "Floripa Chess Open 2024"]
[Site "Florianopolis"]
[Date "2024.01.21"]
[Round "2.217"]
[White "Da Silva, Leticia Alice"]
[Black "Port, Ana Lucia Capriles"]
[Result "1-0"]
[WhiteElo "1435"]
[BlackElo "1721"]
[PlyCount "73"]
[EventDate "2024.01.20"]
[EventRounds "10"]
[EventCountry "BRA"]

1. e4 e5 2. Nf3 Nc6 3. Bc4 Nf6 4. d3 Bc5 5. Nc3 d6 6. h3 Qe7 7. Bg5 Be6 ({RR} 
7... h6 8. Nd5 Qd8 9. Bxf6 gxf6 10. Nh4 Be6 11. Qh5 Bxd5 12. Bxd5 Qd7 13. Nf5
O-O-O 14. Bxf7 Nd4 15. Nxd4 Bxd4 16. Bg6 Qg7 17. Bf5+ Kb8 18. g4 Bxb2 19. Rb1
Bc3+ 20. Ke2 Rde8 21. Bg6 Reg8 22. Bf7 {Wang,Y-Moore,J Eindhoven NED 2023 1-0 
(78)}) 8. Nd5 Qd8 $146 ({RR} 8... Bxd5 9. Bxd5 Qd7 10. Bxf6 gxf6 11. c3 Bb6 12.
Qa4 Rg8 13. Bxc6 bxc6 14. g3 Ke7 15. Nh4 Rg5 16. Nf5+ Kf8 17. Rf1 d5 18. O-O-O
Qe6 19. Kb1 Rd8 20. h4 Rg4 21. Qc2 dxe4 22. dxe4 Rxd1+ 23. Qxd1 {Brunec,D  
(1850)-Jelen,A (1850) Slovenia 1992 1-0 (31)}) ({RR} 8... Bxd5 9. Bxd5 Nd8 10.
Bb3 h6 11. Bxf6 Qxf6 12. Qe2 Qg6 13. g4 a5 14. a4 Qf6 15. Rg1 g5 16. Rg3 Qf4
17. Nd2 Qf6 18. Rf3 Qg7 19. Nf1 O-O 20. Ng3 Nc6 21. c3 Ne7 22. Nh5 Qh8 23. Nf6+
{Wesolowska,K (1800)-Sedlacek,M Ostrava 2007 0-1 (56)}) 9. c3 Bxd5 10. exd5 Ne7
11. Bb5+ Nd7 12. Qa4 f6 13. Be3 Bxe3 14. fxe3 Nxd5 15. Bxd7+ Qxd7 16. Qxd7+
Kxd7 17. Kd2 Rae8 18. c4 Nb4 19. e4 Rhf8 20. a3 Nc6 21. g4 g6 22. Rhg1 Re7 23.
Raf1 f5 24. gxf5 gxf5 25. Nh4 f4 26. Nf5 Ref7 27. b4 Ne7 28. Nh6 Rf6 29. Ng4
R6f7 30. c5 Nc6 31. Nh6 Rf6 32. Rg7+ Ne7 33. Rxh7 f3 34. Nf5 R6f7 35. Rxf7 Rxf7
36. Rxf3 Nxf5 37. exf5 1-0

[Event "Floripa Chess Open 2024"]
[Site "Florianopolis"]
[Date "2024.01.21"]
[Round "2.218"]
[White "Orsini, Sarah De Oliveira"]
[Black "Spieker, Otavio Schmidt"]
[Result "0-1"]
[WhiteElo "1685"]
[BlackElo "1432"]
[PlyCount "70"]
[EventDate "2024.01.20"]
[EventRounds "10"]
[EventCountry "BRA"]

1. d4 d5 2. c4 e6 3. Nc3 Nf6 4. cxd5 exd5 5. Bg5 c6 6. e3 Be7 7. Bd3 O-O 8. Qc2
Nbd7 9. Nge2 Re8 10. O-O h6 11. Bh4 c5 ({RR} 11... g6 12. f3 Nh5 13. Bf2 Nb6
14. e4 Be6 15. e5 Bg5 16. b3 Rc8 17. g4 Ng7 18. f4 Bh4 19. f5 Qg5 20. Bxh4 Qxh4
21. fxe6 Qxg4+ 22. Kh1 Rxe6 23. Rf4 Qg5 24. b4 Qe7 25. Raf1 Rf8 26. Qb1 {
Abbasov,F (2439)-Zulfugarli,M (2496) Baku 2001 1-0 (31)}) 12. Bxf6 ({RR} 12.
dxc5 Qa5 13. a3 Qxc5 14. b4 Qb6 15. Rac1 a6 16. Rfd1 Rd8 17. Bg3 Kh8 18. h3 Nf8
19. Na4 Qc6 20. Qb3 Qe8 21. Nb6 Bd7 22. Nc3 d4 23. exd4 Rac8 24. d5 Nh5 25.
Nxc8 Rxc8 26. Ne4 f5 {Merbis,M (2136)-Heuveling,G (1943) Vlissingen NED 2018
1-0 (36)}) 12... Nxf6 13. Bb5 $146 ({RR} 13. dxc5 Bxc5 14. Rfd1 Ng4 15. Bf5
Bxf5 16. Qxf5 Qh4 17. Qf4 Rxe3 18. h3 Rxc3 19. Nxc3 Bxf2+ 20. Kh1 h5 21. Rxd5
Be3 22. Qf3 Nf2+ 23. Kh2 Re8 24. Rxh5 Qb4 25. Rb5 Qd6+ 26. g3 Qd2 27. Qe2 Qd7 {
Bjerre,T (2073)-Petersen,J (1933) Denmark 2017 1-0 (51)}) 13... Bd7 14. Bxd7
Qxd7 15. Rad1 c4 16. Ng3 Rac8 17. Rfe1 Bb4 18. e4 Bxc3 19. bxc3 dxe4 20. Nxe4
Nxe4 21. Rxe4 Rxe4 22. Qxe4 Re8 23. Qf3 Qe7 24. h3 Qe2 25. Qxe2 Rxe2 26. d5 Kf8
27. d6 Ke8 28. d7+ Kd8 29. a4 Rc2 30. Re1 Rxc3 31. Re8+ Kxd7 32. Ra8 a6 33. Ra7
Rb3 34. Ra8 c3 35. Kf1 c2 0-1

[Event "Floripa Chess Open 2024"]
[Site "Florianopolis"]
[Date "2024.01.21"]
[Round "2.219"]
[White "De Almeida, Olivan Duarte"]
[Black "Nogueira, Manuela Mahara Buch"]
[Result "1-0"]
[WhiteElo "1432"]
[BlackElo "1666"]
[PlyCount "35"]
[EventDate "2024.01.20"]
[EventRounds "10"]
[EventCountry "BRA"]

1. e4 e5 2. Nf3 Nc6 3. d4 d6 4. Bc4 Be7 5. Nc3 Nf6 6. Be3 ({RR} 6. Bb5 Bd7 7.
d5 Nb8 8. a4 O-O 9. O-O Bc8 10. a5 a6 11. Be2 Nbd7 12. Nd2 Ne8 13. b4 g6 14.
Na4 Ng7 15. c4 f5 16. Bb2 f4 17. c5 g5 18. cxd6 Bxd6 19. Nc5 Nf6 20. f3 b6 {
Sanduleac,V (2466)-Mancini,M (2268) Creon 2008 1-0}) 6... O-O 7. Qd2 ({RR} 7.
O-O Bg4 8. d5 Nb8 9. h3 Bh5 10. Ne2 Nxe4 11. Bd3 Bxf3 12. gxf3 Ng5 13. Kg2 f5
14. f4 Ne4 15. Bxe4 fxe4 16. fxe5 dxe5 17. Ng3 Bg5 18. Nxe4 Bf4 19. c4 Nd7 20.
Qg4 Qe8 21. Kh1 Nf6 {Sreyas,P (2080)-Ruge,E (2201) chess.com INT 2023 1-0 (49)}
) 7... Bg4 $146 ({RR} 7... h6 8. h3 Na5 9. Bb3 Nxb3 10. axb3 Nh7 11. g4 c5 12.
O-O-O Be6 13. Rhg1 Qd7 14. g5 Bxh3 15. gxh6 g6 16. Rg3 Be6 17. Rdg1 b5 18. Ng5
b4 19. Ne2 a5 20. Nxe6 Qxe6 21. f4 a4 22. bxa4 {Khazhipov,T (1990)-Ilinykh,V
Cheliabinsk 2010 1-0}) ({RR} 7... exd4 8. Bxd4 Nxd4 9. Qxd4 Ng4 10. h3 Bf6 11.
Qd3 Ne5 12. Nxe5 dxe5 13. O-O-O Qxd3 14. Rxd3 c6 15. a4 Rd8 16. Rxd8+ Bxd8 17.
Rd1 Be7 18. Rd3 Kf8 19. Kb1 b6 20. Rf3 f6 21. Rd3 Ke8 22. Rg3 {Veljanoski,A  
(1554)-Veleski,R (2232) Struga 2014 0-1 (46)}) 8. h3 Bxf3 9. gxf3 Qd7 10. O-O-O
d5 11. exd5 Nd8 12. dxe5 Ne8 13. Rdg1 b6 14. Bh6 Nb7 15. Bxg7 Nxg7 16. Qh6 Bg5+
17. Rxg5 Rfe8 18. Qxg7# 1-0

[Event "Floripa Chess Open 2024"]
[Site "Florianopolis"]
[Date "2024.01.21"]
[Round "2.220"]
[White "Sikorski, Valentim Enrico"]
[Black "Caetano, Heitor Luiz"]
[Result "0-1"]
[WhiteElo "1636"]
[BlackElo "1431"]
[PlyCount "28"]
[EventDate "2024.01.20"]
[EventRounds "10"]
[EventCountry "BRA"]

1. e4 c6 2. d4 d5 3. Nc3 dxe4 4. Nxe4 Nd7 5. Nf3 Ndf6 6. Nc3 ({RR} 6. Ned2 Bg4
7. c3 e6 8. Qb3 Qc7 9. Ne5 Ne7 10. Ndc4 Ned5 11. Nxg4 Nxg4 12. Be2 Ngf6 13. O-O
Nb6 14. Ne5 Bd6 15. Nf3 O-O 16. Bg5 c5 17. Rad1 Nbd7 18. dxc5 Nxc5 19. Qc2 Be7
20. c4 Nce4 {Radulski,J (2577)-Argiroudis,S (2284) Blagoevgrad 2010 1-0}) ({RR
} 6. Ng3 e6 7. Bd3 Bd6 8. O-O Ne7 9. Re1 O-O 10. Ne5 Ng6 11. Bg5 Be7 12. c3 Nd5
13. Bxe7 Qxe7 14. Bc2 Nxe5 15. dxe5 Nf4 16. Qd4 Ng6 17. Rad1 b6 18. Ne4 Bb7 19.
Nd6 Rad8 20. Qe3 Ba8 {Bhatia,K (2037)-Latham,D (2064) Daventry ENG 2020 0-1  
(39)}) 6... Bg4 7. h3 Bxf3 $146 ({RR} 7... Bh5 8. Bf4 e6 9. Bd3 Qb6 10. Be2
Qxb2 11. Na4 Bb4+ 12. Kf1 Qa3 13. c4 Ba5 14. c5 Ne4 15. Bc1 Qb4 16. a3 Nc3 17.
Nxc3 Qxc3 18. Bd2 Qb2 19. Bxa5 Bxf3 20. Bxf3 Qb5+ 21. Be2 Qxa5 22. d5 {Nam,
S-Muenzenberg,D (1692) Nuremberg 2016 0-1 (54)}) 8. Qxf3 Qxd4 9. Be3 Qe5 10.
O-O-O e6 11. Bd4 Qc7 12. Bc4 Nd7 13. Ne4 c5 14. Be5 Nxe5 0-1

[Event "Floripa Chess Open 2024"]
[Site "Florianopolis"]
[Date "2024.01.22"]
[Round "3.11"]
[White "Madeira, Wagner Martins"]
[Black "Perdomo, Leandro"]
[Result "0-1"]
[WhiteElo "2122"]
[BlackElo "2382"]
[PlyCount "97"]
[EventDate "2024.01.20"]
[EventRounds "10"]
[EventCountry "BRA"]

1. e4 e5 2. Nf3 Nc6 3. Bb5 a6 4. Ba4 Nf6 5. O-O d6 6. d3 b5 7. Bb3 Na5 8. Nbd2
Be7 9. a4 Nxb3 10. Nxb3 Bd7 11. axb5 axb5 12. Bd2 $146 ({RR} 12. Rxa8 Qxa8 13.
Bg5 h6 14. Bh4 c5 15. Qd2 O-O 16. Ra1 Qb7 17. Qa5 c4 18. Nbd2 cxd3 19. cxd3 Bc6
20. Nf1 Ra8 21. Qxa8+ Qxa8 22. Rxa8+ Bxa8 23. Ne3 g6 24. Ne1 Kf8 25. Bxf6 Bxf6
26. N1c2 Bg5 {Nakamura,H (2648)-Christiansen,L (2575) ICC INT 2007 1/2-1/2 (55)
}) 12... O-O 13. Ra5 c5 14. Qe2 Qc7 15. Rfa1 Rxa5 16. Bxa5 Qb7 17. Be1 Be6 18.
Nfd2 Ra8 19. Qd1 d5 20. f3 c4 21. exd5 Bxd5 22. dxc4 bxc4 23. Rxa8+ Qxa8 24.
Na1 e4 25. Bf2 exf3 26. Nxf3 Ne4 27. Bd4 Ng5 28. Ne1 Bxg2 29. Nxg2 Nf3+ 30. Kf2
Nxd4 31. Qxd4 Qxa1 32. Qxc4 Qxb2 33. Qc8+ Bf8 34. Ne3 Qe5 35. h3 g6 36. Kf3 Kg7
37. Ng4 Qd5+ 38. Ke2 Qb5+ 39. Kf3 Bc5 40. Ne3 Bd4 41. c3 Qh5+ 42. Qg4 Qxg4+ 43.
hxg4 Bxc3 44. Ng2 Bd2 45. Ke2 Bc1 46. Ne1 f5 47. Nd3 Ba3 48. Kf3 Bd6 49. Nf2
0-1

[Event "Floripa Chess Open 2024"]
[Site "Florianopolis"]
[Date "2024.01.22"]
[Round "3.13"]
[White "Casalaspro, Mathias Andre"]
[Black "Vazquez, Facundo"]
[Result "0-1"]
[WhiteElo "2121"]
[BlackElo "2381"]
[PlyCount "76"]
[EventDate "2024.01.20"]
[EventRounds "10"]
[EventCountry "BRA"]

1. e4 c5 2. Nf3 d6 3. d4 cxd4 4. Qxd4 Nc6 5. Bb5 Bd7 6. Bxc6 Bxc6 7. Nc3 Nf6 8.
Bg5 e6 9. O-O-O Be7 10. Rhe1 O-O 11. Kb1 Qa5 12. Qd2 Qb6 13. Nd4 Rac8 14. f3
Rfd8 15. g4 a5 $146 ({RR} 15... a6 16. Nce2 Ba4 17. b3 Bc6 18. Ng3 Qc5 19. Be3
Qa3 20. c4 b6 21. Nc2 Qa5 22. Qf2 Nd7 23. Bd2 Qc5 24. Be3 Qa5 25. Bd2 Qc5 26.
Qe2 Bb7 27. Be3 Qc7 28. Bd4 Nc5 29. Nh5 Bf8 30. g5 {Andres Mendez,M (2340)
-Vilaseco,F (2310) Havana 1990 0-1 (39)}) ({RR} 15... Be8 16. Nce2 Qa6 17. Ng3
Rc5 18. h4 Rdc8 19. Rc1 Ra5 20. a3 d5 21. Nb3 Rb5 22. e5 Bxa3 23. Bxf6 Bf8 24.
Bxg7 Bxg7 25. Nh5 Bh8 26. Nf6+ Kf8 27. Qh6+ Ke7 28. Qxh7 Bxf6 29. exf6+ Kd8 30.
g5 {Zhigalko,S (2572)-Mamedov,R (2640) chess.com INT 2023 1-0 (80)}) ({RR} 
15... Be8 16. h4 Rc4 17. Be3 Qa6 18. g5 Nd7 19. h5 Rdc8 20. Nce2 Ne5 21. c3
R4c7 22. Nc1 Ba4 23. Ncb3 Rd7 24. g6 hxg6 25. hxg6 Nxg6 26. Qh2 Bf6 27. Rh1 Kf8
28. Rhg1 Ke7 29. Bg5 Bxb3 30. axb3 {Vasiukov,E-Platonov,I Alma-Ata (Kazakhstan)
1969 1-0 (56)}) 16. Nce2 a4 17. Ng3 a3 18. b3 Qc7 19. Nh5 Ne8 20. Bxe7 Qxe7 21.
g5 g6 22. Ng3 e5 23. Nxc6 bxc6 24. f4 exf4 25. Qxf4 Nc7 26. Rd2 Nd5 27. Qf2
Nc3+ 28. Ka1 Qxg5 29. Rf1 Rc7 30. Nf5 Nb5 31. Kb1 Kf8 32. Nd4 Qe5 33. Qh4 Re7
34. Rxf7+ Rxf7 35. Qxd8+ Kg7 36. c3 Qxe4+ 37. Kc1 Rf1+ 38. Rd1 Qe3+ 0-1

[Event "Floripa Chess Open 2024"]
[Site "Florianopolis"]
[Date "2024.01.22"]
[Round "3.15"]
[White "De Carvalho, Jose Jorge"]
[Black "Hoffman, Alejandro"]
[Result "0-1"]
[WhiteElo "2119"]
[BlackElo "2358"]
[PlyCount "104"]
[EventDate "2024.01.20"]
[EventRounds "10"]
[EventCountry "BRA"]

1. d4 Nf6 2. Nc3 d6 3. e4 Nbd7 4. f4 e5 5. Nf3 exd4 6. Qxd4 c6 7. Be3 d5 8.
exd5 Bc5 9. Qd3 O-O ({RR} 9... Qe7 10. Nd4 Nb6 11. dxc6 O-O 12. O-O-O bxc6 13.
Bg1 Qc7 14. g3 Rd8 15. Ndb5 Rxd3 16. Nxc7 Rxd1+ 17. Nxd1 Bxg1 18. Nxa8 Nxa8 19.
Rxg1 {1-0 (19) Polgar,J (2595)-Khalifman,A (2630) Seville 1993}) 10. O-O-O cxd5
({RR} 10... Re8 11. Bxc5 Nxc5 12. Qc4 Qb6 13. Ne5 cxd5 14. Nxd5 Nxd5 15. Rxd5
Be6 16. Qxc5 Bxd5 17. Qxd5 Qe3+ 18. Kd1 Rad8 19. Nd7 Qe1# {0-1 (19) Clawitter,
C (2050)-Rich,A chess.com INT 2023}) 11. Bd4 $146 ({RR} 11. Nxd5 Nxd5 12. Bxc5
Nxc5 13. Qxd5 Qa5 14. Ng5 Bg4 15. Bd3 Bxd1 16. Bxh7+ Kh8 17. Rxd1 Qc7 18. Qf5
Ne6 19. Rf1 Nxg5 20. fxg5 Qxh2 21. Rf3 Qh1+ 22. Kd2 Qxg2+ 23. Kc3 Rac8+ 24. Kb3
Rxc2 25. Qxc2 Qxf3+ {Van Hoolandt,P (2211)-Bergstrom,R (2308) Helsinki 2001
0-1 (32)}) ({RR} 11. Bxc5 Nxc5 12. Qd4 Qc7 13. Ne5 Bf5 14. g4 Ne6 15. Qd2 Nxg4
16. Nxd5 Qd8 17. Qb4 Rc8 18. c3 Nc5 19. Bh3 h5 20. Bxg4 hxg4 21. Rhg1 Qh4 22.
Ne3 Be6 23. N5xg4 f5 24. Ne5 Bxa2 25. Rg2 Qh3 {Schmaltz,R (2440)-Miltner,A  
(2330) Dudweiler 1996 1/2-1/2}) 11... Bd6 12. g3 Nc5 13. Qe3 Nce4 14. Nxd5 Nxd5
15. Qxe4 Re8 16. Be5 Nc3 17. Qd4 Nxd1 18. Bxd6 Ne3 19. Be5 Qxd4 20. Bxd4 Nxf1
21. Rxf1 f6 22. Rf2 Bg4 23. Kd2 Re4 24. Kd3 Rae8 25. Bxa7 Ra4 26. Bd4 Rxa2 27.
c4 Ra1 28. Bc3 Bf5+ 29. Kd2 Ra4 30. Nd4 Be4 31. c5 Rc4 32. Nb3 Rd8+ 33. Ke3 Bc6
34. Rd2 Rxd2 35. Kxd2 Ba4 36. Na5 Rxc5 37. Nxb7 Rh5 38. h4 Rd5+ 39. Ke3 Bb5 40.
Bd4 Kf7 41. Nc5 h5 42. Ne4 Bc6 43. Nc3 Rd8 44. f5 Bd7 45. b4 Bxf5 46. b5 Bc8
47. b6 Re8+ 48. Kf2 Kg6 49. Be3 Bb7 50. Nb5 Ra8 51. Bf4 Ra2+ 52. Ke3 Rb2 0-1

[Event "Floripa Chess Open 2024"]
[Site "Florianopolis"]
[Date "2024.01.22"]
[Round "3.16"]
[White "Cueto, Jonny"]
[Black "Ticona Rocabado, Licael Roderick"]
[Result "0-1"]
[WhiteElo "2108"]
[BlackElo "2350"]
[PlyCount "198"]
[EventDate "2024.01.20"]
[EventRounds "10"]
[EventCountry "BRA"]

1. d4 d5 2. Nf3 e6 3. e3 Nf6 4. Bd3 Bd6 5. Nbd2 O-O 6. c4 b6 7. b3 Bb7 8. Bb2
Nbd7 9. O-O Ne4 10. Qc2 Nxd2 ({RR} 10... Ndf6 11. Rad1 Qe7 12. Ne5 Nxd2 13.
Rxd2 c5 14. dxc5 Bxc5 15. h3 Rac8 16. Qb1 Rfd8 17. Rfd1 Bb4 18. Rc2 dxc4 19.
Nxc4 b5 20. Ne5 a6 21. Rxc8 Rxc8 22. Bxh7+ Nxh7 23. Rd7 Qc5 24. Rxf7 Qc2 25.
Rxg7+ {Aravindh,C (2649)-Kollars,D (2633) chess.com INT 2023 0-1 (45)}) ({RR} 
10... f5 11. cxd5 exd5 12. Ne5 Qe7 13. Ndf3 Rf6 14. Nxd7 Qxd7 15. Ne5 Qe7 16.
f4 Rh6 17. Rac1 Qh4 18. h3 Qg3 19. Rf3 Qh4 20. Qe2 a6 21. Bc3 Qe7 22. Be1 Kh8
23. b4 b5 24. a4 bxa4 25. Qa2 {Zemlyanskii,I (2237)-Florescu,C (2245) chess.
com INT 2023 1-0 (45)}) 11. Nxd2 Qh4 $146 ({RR} 11... dxc4 12. Bxh7+ Kh8 13.
Be4 cxb3 14. axb3 Bxe4 15. Nxe4 Nf6 16. Rfc1 Nxe4 17. Qxe4 Qg5 18. g3 Qb5 19.
Qc2 a5 20. Ra4 Kg8 21. Rc4 Rfc8 22. e4 Bf8 23. Rd1 c6 24. d5 exd5 25. exd5 f6
26. dxc6 {Bombek,P (2205)-Dujava,D (2120) Slovakia 2016 1-0 (31)}) 12. f4 f5
13. Nf3 Qe7 14. Ne5 Bxe5 15. fxe5 c5 16. Rac1 Rac8 17. Ba3 Qg5 18. Qf2 Rfd8 19.
cxd5 Bxd5 20. Ba6 Rc7 21. Bc4 Bxc4 22. Rxc4 Re8 23. e4 Rf8 24. Bc1 Qd8 25. exf5
Rxf5 26. Qc2 Rxf1+ 27. Kxf1 b5 28. Rc3 b4 29. Rc4 Nb6 30. Rxc5 Rf7+ 31. Ke2
Qxd4 32. Be3 Qg4+ 33. Ke1 Qh4+ 34. g3 Qh3 35. Qe2 h6 36. Ra5 Nd5 37. Rxa7 Nxe3
38. Rxf7 Ng2+ 39. Kf2 Kxf7 40. Qf3+ Kg6 41. Qb7 Qxh2 42. Qe4+ Kg5 43. Kf3 Qh3
44. Qxb4 Ne1+ 45. Qxe1 Qf5+ 46. Kg2 Qc2+ 47. Kh3 Qf5+ 48. Kg2 Qc2+ 49. Kh3 h5
50. Qe3+ Kf5 51. Qf4+ Kg6 52. b4 Qb1 53. g4 Qh1+ 54. Kg3 h4+ 55. Kf2 h3 56. Qg3
Qb1 57. Qxh3 Qxa2+ 58. Kg3 Qb3+ 59. Kg2 Qb2+ 60. Kf3 Qc3+ 61. Kg2 Qd2+ 62. Kf3
Qd3+ 63. Kg2 Qe2+ 64. Kh1 Qe1+ 65. Kg2 Qe4+ 66. Kf2 Qf4+ 67. Kg2 Qd2+ 68. Kf3
Kf7 69. Qh5+ Ke7 70. b5 Qd3+ 71. Kf4 Qxb5 72. Qh4+ Kf7 73. Qh5+ Kg8 74. Qg6
Qb4+ 75. Qe4 Qd2+ 76. Kg3 Kf7 77. Kh3 Qd5 78. Qf4+ Kg6 79. Kg3 Qd3+ 80. Kf2 Qh3
81. Ke2 Qh6 82. Qe4+ Kg5 83. Qg2 Qh4 84. Kf3 Qe1 85. Qh2 Qd1+ 86. Ke3 Qxg4 87.
Qf2 Qh3+ 88. Kd2 Qh4 89. Qc5 Qf4+ 90. Kd3 Kg4 91. Qc7 g5 92. Qg7 Kg3 93. Qf6
Qf3+ 94. Kd4 Qd5+ 95. Ke3 Qb3+ 96. Ke2 Kg4 97. Kf2 Qc2+ 98. Ke3 Qf5 99. Kd4 Kf4
0-1